000 00524nam a2200193Ia 4500
005 20250326145315.0
008 250326s9999 xx 000 0 und d
037 _aTextbook
040 _aFMSL
_beng
_cFMSL
041 _aeng
_2eng
084 _aX:51 P8
_qFMSL
100 _aScaria A G
_9749515
245 0 _aAmbush marketing : game within a game
_cScaria A G
260 _aNew Delhi
_bNew Delhi, Oxford
_c2008
365 _b545
650 _aManagement
942 _cTB
_hX:51 P8
999 _c1307118
_d1307118